[Event "Pardubice Kraj op-G"]
[Site "Pardubice"]
[Date "2020.09.23"]
[Round "1"]
[White "Zwardon, Vojtech"]
[Black "Novotna, Tereza"]
[Result "1-0"]
[WhiteElo "2424"]
[BlackElo "1653"]
[PlyCount "73"]
[EventDate "2020.09.23"]
[EventType "swiss (rapid)"]
[EventRounds "9"]
[EventCountry "CZE"]
[SourceTitle "CBM 198 Extra"]
[Source "ChessBase"]
[SourceDate "2020.11.30"]
[SourceVersion "1"]
[SourceVersionDate "2020.11.30"]
[SourceQuality "1"]

1. c4 e5 2. g3 Nc6 3. Bg2 Bc5 4. Nf3 d6 5. 0-0 a6 6. e3 Ba7 7. d4 Nf6 8. dxe5 Nxe5 9. Nxe5 dxe5 10. Qxd8+ Kxd8 11. Rd1+ Ke7 12. b3 Bc5 13. Bb2 Nd7 14. Nc3 c6 15. Ne4 Bb4 16. Bh3 f6 17. a3 Ba5 18. Nd6 Rd8 19. Kg2 Rb8 20. f4 e4 21. Nxe4 Bb6 22. Nd6 Bc7 23. c5 Nxc5 24. Nxc8+ Rbxc8 25. Bxc8 Rxc8 26. b4 Ne4 27. Kf3 Nd6 28. Bd4 Nb5 29. a4 Nxd4+ 30. exd4 Rd8 31. b5 Bb6 32. bxa6 Bxd4 33. axb7 Ba7 34. Re1+ Kf7 35. Rad1 Rb8 36. Rd7+ Kf8 37. Ree7 1-0

[Event "Stare Mesto op"]
[Site "Stare Mesto"]
[Date "2019.08.25"]
[Round "9"]
[White "Novotna, Tereza"]
[Black "Kures, Michael"]
[Result "0-1"]
[WhiteElo "1837"]
[BlackElo "1898"]
[PlyCount "144"]
[EventDate "2019.08.17"]
[EventType "swiss"]
[EventRounds "9"]
[EventCountry "CZE"]
[SourceTitle "EXT 2020"]
[Source "ChessBase"]
[SourceDate "2019.10.17"]
[SourceVersion "1"]
[SourceVersionDate "2019.10.17"]
[SourceQuality "1"]

1. d4 Nf6 2. c4 g6 3. Nc3 Bg7 4. e4 d6 5. f3 0-0 6. Be3 Nbd7 7. Nge2 e5 8. Qd2 a6 9. d5 Ne8 10. g4 f5 11. gxf5 gxf5 12. h4 f4 13. Bf2 Kh8 14. h5 h6 15. 0-0-0 Nef6 16. Bh3 Nh7 17. Bf5 Ng5 18. Qd3 Nf6 19. Rdg1 Bxf5 20. exf5 Nfh7 21. Ne4 Qd7 22. f6 Bxf6 23. Nxf6 Rxf6 24. Bh4 Qf5 25. Qb3 b6 26. Qc3 Rd8 27. Rg4 Rg8 28. Rhg1 Nf8 29. R1g2 Nd7 30. b4 Kh7 31. Ng1 Rff8 32. Re2 Nf6 33. Rgg2 Nxh5 34. c5 bxc5 35. bxc5 Rf7 36. Rb2 Nf6 37. Qd2 Nd7 38. cxd6 cxd6 39. Rb7 Nc5 40. Rxf7+ Qxf7 41. Bxg5 hxg5 42. Rh2+ Kg7 43. Qg2 Qf5 44. Nh3 Kg6 45. Qc2 Qxc2+ 46. Kxc2 Rh8 47. Nxf4+ Kg7 48. Rxh8 Kxh8 49. Nh3 Kg7 50. Nxg5 Kg6 51. Nh3 Kf5 52. Kc3 Nd7 53. Kb4 Nb6 54. Ka5 Nxd5 55. Kxa6 Nb4+ 56. Kb5 Nxa2 57. Kc6 Ke6 58. Ng5+ Ke7 59. Ne4 Nb4+ 60. Kb5 Nc2 61. Kc4 Ke6 62. Ng5+ Kf5 63. Ne4 Ne3+ 64. Kd3 d5 65. Ng3+ Kf4 66. Nh5+ Kxf3 67. Nf6 e4+ 68. Kd4 Nf5+ 69. Kc3 d4+ 70. Kc2 e3 71. Kd1 d3 72. Nd5 Kf2 0-1

[Event "Stare Mesto op"]
[Site "Stare Mesto"]
[Date "2019.08.24"]
[Round "8"]
[White "Kucera, Michal"]
[Black "Novotna, Tereza"]
[Result "1-0"]
[WhiteElo "1963"]
[BlackElo "1837"]
[PlyCount "67"]
[EventDate "2019.08.17"]
[EventType "swiss"]
[EventRounds "9"]
[EventCountry "CZE"]
[SourceTitle "EXT 2020"]
[Source "ChessBase"]
[SourceDate "2019.10.17"]
[SourceVersion "1"]
[SourceVersionDate "2019.10.17"]
[SourceQuality "1"]

1. e4 d5 2. exd5 Nf6 3. d4 Bg4 4. Nf3 Qxd5 5. Be2 Nc6 6. c4 Qf5 7. 0-0 0-0-0 8. Be3 e5 9. d5 e4 10. Nd4 Nxd4 11. Bxd4 Bd6 12. f4 Bxe2 13. Qxe2 Rhe8 14. Nc3 a6 15. g3 h5 16. c5 Be7 17. d6 cxd6 18. c6 d5 19. cxb7+ Kxb7 20. Qc2 Rb8 21. Be5 Bc5+ 22. Kh1 Rxe5 23. fxe5 Qxe5 24. Na4 Ba7 25. Rac1 Qd6 26. b4 h4 27. g4 Nxg4 28. Rxf7+ Ka8 29. h3 Ne3 30. Qe2 d4 31. Rcc7 Rxb4 32. Rxa7+ Kb8 33. Nb2 Qc6 34. Qh2+ 1-0

[Event "Pardubice Czech op-B 30th"]
[Site "Pardubice"]
[Date "2019.07.20"]
[Round "2"]
[White "Thenhausen, Dirk"]
[Black "Novotna, Tereza"]
[Result "1-0"]
[WhiteElo "2036"]
[BlackElo "1847"]
[PlyCount "79"]
[EventDate "2019.07.19"]
[EventType "swiss"]
[EventRounds "9"]
[EventCountry "CZE"]
[SourceTitle "EXT 2020"]
[Source "ChessBase"]
[SourceDate "2019.10.17"]
[SourceVersion "1"]
[SourceVersionDate "2019.10.17"]
[SourceQuality "1"]

1. e4 c5 2. Nf3 Nc6 3. d4 cxd4 4. Nxd4 g6 5. Nc3 Bg7 6. Be3 Nf6 7. Be2 0-0 8. Qd2 d5 9. exd5 Nxd5 10. Nxd5 Qxd5 11. Bf3 Qd6 12. Nxc6 Qxd2+ 13. Bxd2 bxc6 14. 0-0-0 Rb8 15. b3 Bf5 16. g4 Be6 17. Be3 Rfc8 18. Bc5 Bf6 19. a4 Rb7 20. Be2 Rbc7 21. f4 Bd5 22. Rhf1 Rb8 23. Bd3 Bc3 24. f5 Kg7 25. Be3 Be5 26. c4 Bg2 27. Rg1 Bh3 28. Bc2 Bxh2 29. Rh1 Bxg4 30. Rd4 Bxf5 31. Rxh2 Rcb7 32. Bf4 Re8 33. Bxf5 gxf5 34. Bh6+ Kg6 35. Kc2 e5 36. Rd1 f4 37. Rg1+ Kf5 38. Rh5+ Ke4 39. Re1+ Kd4 40. Bxf4 1-0

[Event "CZE-chT2A 1819"]
[Site "Czech Republic"]
[Date "2019.03.17"]
[Round "10.5"]
[White "Petr, Jakub"]
[Black "Novotna, Tereza"]
[Result "1-0"]
[WhiteElo "2183"]
[BlackElo "1854"]
[PlyCount "133"]
[EventDate "2018.10.14"]
[EventType "team-tourn"]
[EventRounds "11"]
[EventCountry "CZE"]
[SourceTitle "EXT 2022"]
[Source "ChessBase"]
[SourceDate "2021.10.06"]
[SourceVersion "1"]
[SourceVersionDate "2021.10.06"]
[SourceQuality "1"]
[WhiteTeam "Praha Bohemians"]
[BlackTeam "Ricany II"]
[WhiteTeamCountry "CZE"]
[BlackTeamCountry "CZE"]

1. b3 e5 2. Bb2 Nc6 3. e3 Nf6 4. Bb5 Bd6 5. Nf3 e4 6. Nd4 Nxd4 7. Bxd4 Qe7 8. f4 exf3 9. Qxf3 Be5 10. 0-0 c6 11. Bd3 d5 12. Bxe5 Qxe5 13. Nc3 Bg4 14. Qf4 Qxf4 15. Rxf4 0-0 16. b4 a6 17. a4 Bh5 18. a5 Bg6 19. Na4 Bxd3 20. cxd3 Rac8 21. Rd4 Rfe8 22. Nc5 Re7 23. g4 h6 24. Kg2 Ne8 25. Rf4 Nd6 26. h4 Rcc7 27. Raf1 Re5 28. Kh3 h5 29. g5 g6 30. e4 dxe4 31. dxe4 Re8 32. d4 Rce7 33. e5 Nf5 34. Rxf5 gxf5 35. Rxf5 Rd8 36. Rf4 Rb8 37. Na4 Rd8 38. Nb6 Re6 39. Kg3 Kg7 40. Kf3 Kg6 41. Ke4 Kg7 42. Nc4 Rd7 43. Ne3 Kg6 44. Rf2 Kg7 45. Nf5+ Kg6 46. Ng3 b6 47. axb6 Rb7 48. Ne2 Kh7 49. Nf4 Ree7 50. Nxh5 Rxb6 51. Rf6 Re6 52. Rxf7+ Kg6 53. Rf6+ Rxf6 54. Nxf6 Rxb4 55. e6 Rb1 56. Ke5 a5 57. h5+ Kxg5 58. e7 Rb8 59. e8Q Rxe8+ 60. Nxe8 a4 61. Nd6 a3 62. Ne4+ Kxh5 63. Nc3 Kg4 64. Kd6 Kf4 65. Kxc6 Ke3 66. Kc5 Kd3 67. Na2 1-0

[Event "CZE/SVK-chT (Women)"]
[Site "Ruzomberok"]
[Date "2018.09.12"]
[Round "3"]
[White "Taragelova, Martina"]
[Black "Novotna, Tereza"]
[Result "1/2-1/2"]
[WhiteElo "1819"]
[BlackElo "1889"]
[PlyCount "83"]
[EventDate "2018.09.10"]
[EventType "team-tourn"]
[EventRounds "5"]
[EventCountry "SVK"]
[SourceTitle "CBM 186 Extra"]
[Source "ChessBase"]
[SourceDate "2018.08.24"]
[SourceVersion "1"]
[SourceVersionDate "2018.08.24"]
[SourceQuality "1"]
[WhiteTeam "Liptov Chess School (W) II"]
[BlackTeam "Ricany (W)"]
[WhiteTeamCountry "SVK"]
[BlackTeamCountry "CZE"]

1. e4 c5 2. Nf3 Nc6 3. d4 cxd4 4. Nxd4 g6 5. Nc3 Bg7 6. Be3 Nf6 7. Be2 0-0 8. 0-0 d5 9. exd5 Nb4 10. Nf3 Nfxd5 11. Nxd5 Nxd5 12. Bd4 Nf4 13. Bc4 Bg4 14. Bxg7 Kxg7 15. Qd4+ Qxd4 16. Nxd4 Rfd8 17. c3 e5 18. f3 Bd7 19. Ne2 Nxe2+ 20. Bxe2 Be6 21. b3 Rd2 22. Kf2 Rad8 23. Rfd1 Rxd1 24. Rxd1 Rxd1 25. Bxd1 f5 26. c4 Kf6 27. Ke3 g5 28. Bc2 h5 29. h3 f4+ 30. Ke2 Ke7 31. Bg6 h4 32. Be4 b6 33. Kd3 Kd6 34. Kc3 Bd7 35. a3 b5 36. Bd3 bxc4 37. Kxc4 Be6+ 38. Kc3 Kc6 39. b4 Kb6 40. a4 Bd7 41. Bc2 Be6 42. Be4 1/2-1/2

[Event "CZE/SVK-chT (Women)"]
[Site "Ruzomberok"]
[Date "2018.09.10"]
[Round "1"]
[White "Novotna, Tereza"]
[Black "Suchomelova, Simona"]
[Result "1/2-1/2"]
[WhiteElo "1889"]
[BlackElo "1965"]
[PlyCount "26"]
[EventDate "2018.09.10"]
[EventType "team-tourn"]
[EventRounds "5"]
[EventCountry "SVK"]
[SourceTitle "CBM 186 Extra"]
[Source "ChessBase"]
[SourceDate "2018.08.24"]
[SourceVersion "1"]
[SourceVersionDate "2018.08.24"]
[SourceQuality "1"]
[WhiteTeam "Ricany (W)"]
[BlackTeam "Svetla nad Sazavou (W)"]
[WhiteTeamCountry "CZE"]
[BlackTeamCountry "CZE"]

1. d4 Nf6 2. c4 g6 3. Nc3 Bg7 4. e4 d6 5. f3 0-0 6. Be3 e5 7. Nge2 exd4 8. Nxd4 Bd7 9. Be2 Nc6 10. Qd2 Nxd4 11. Bxd4 a6 12. 0-0 Re8 13. Rad1 Bc6 1/2-1/2

[Event "CZE-chT U18 Extraliga final-B 1718"]
[Site "Czech Republic"]
[Date "2018.04.21"]
[Round "9.6"]
[White "Bauer, Miroslav"]
[Black "Novotna, Tereza"]
[Result "0-1"]
[WhiteElo "1564"]
[BlackElo "1764"]
[PlyCount "50"]
[EventDate "2017.10.07"]
[EventType "team-tourn"]
[EventRounds "11"]
[EventCountry "CZE"]
[SourceTitle "EXT 2023"]
[Source "ChessBase"]
[SourceDate "2022.10.05"]
[SourceVersion "1"]
[SourceVersionDate "2022.10.05"]
[SourceQuality "1"]
[WhiteTeam "Kurim (U18)"]
[BlackTeam "Ricany (U18)"]
[WhiteTeamCountry "CZE"]
[BlackTeamCountry "CZE"]

1. e4 c5 2. c3 d5 3. exd5 Qxd5 4. d4 Nf6 5. Nf3 Bf5 6. Be3 Nc6 7. Be2 cxd4 8. cxd4 Bxb1 9. Qxb1 e6 10. 0-0 Bd6 11. a3 a6 12. Qc2 0-0 13. Rfd1 Rac8 14. Bc4 Qh5 15. h3 Na5 16. b3 b5 17. Ng5 bxc4 18. b4 Nb3 19. Rab1 Qg6 20. Qe2 h6 21. Nf3 Nd5 22. Qb2 c3 23. Qxb3 c2 24. Rbc1 cxd1Q+ 25. Rxd1 Qc2 0-1

[Event "CZE-chT U18 Extraliga final-B 1718"]
[Site "Czech Republic"]
[Date "2018.04.20"]
[Round "8.6"]
[White "Novotna, Tereza"]
[Black "Babula, Vlastimil1111"]
[Result "0-1"]
[WhiteElo "1764"]
[BlackElo "1659"]
[PlyCount "76"]
[EventDate "2017.10.07"]
[EventType "team-tourn"]
[EventRounds "11"]
[EventCountry "CZE"]
[SourceTitle "EXT 2023"]
[Source "ChessBase"]
[SourceDate "2022.10.05"]
[SourceVersion "1"]
[SourceVersionDate "2022.10.05"]
[SourceQuality "1"]
[WhiteTeam "Ricany (U18)"]
[BlackTeam "Stare Mesto (U18)"]
[WhiteTeamCountry "CZE"]
[BlackTeamCountry "CZE"]

1. d4 Nf6 2. Bf4 g6 3. Nc3 d5 4. e3 Bg7 5. Nb5 Na6 6. Nf3 0-0 7. Be2 c6 8. Nc3 Nc7 9. Ne5 Ne6 10. Bg3 Qb6 11. Qd2 Qxb2 12. Rb1 Qa3 13. h4 c5 14. 0-0 cxd4 15. exd4 a6 16. Bf3 Rd8 17. Rb3 Qa5 18. Rfb1 Nd7 19. Bxd5 Nxe5 20. dxe5 Nc5 21. Rb4 e6 22. Qe3 exd5 23. Ne2 Ne6 24. f4 b5 25. Kh1 Bb7 26. R1b2 Rac8 27. h5 Rc4 28. R4b3 d4 29. Qf2 Nc5 30. Bh4 Rd7 31. Rh3 d3 32. hxg6 fxg6 33. e6 Nxe6 34. cxd3 Bxb2 35. dxc4 bxc4 36. Qe3 Qd5 37. Rg3 Bg7 38. Qa7 Qd1+ 0-1

[Event "CZE-chT U18 Extraliga West 1718"]
[Site "Czech Republic"]
[Date "2018.01.20"]
[Round "7.6"]
[White "Finek, Vaclav"]
[Black "Novotna, Tereza"]
[Result "1-0"]
[WhiteElo "1409"]
[BlackElo "1764"]
[PlyCount "93"]
[EventDate "2017.10.07"]
[EventType "team-tourn"]
[EventRounds "11"]
[EventCountry "CZE"]
[SourceTitle "EXT 2023"]
[Source "ChessBase"]
[SourceDate "2022.10.05"]
[SourceVersion "1"]
[SourceVersionDate "2022.10.05"]
[SourceQuality "1"]
[WhiteTeam "Liberec Desko (U18)"]
[BlackTeam "Ricany (U18)"]
[WhiteTeamCountry "CZE"]
[BlackTeamCountry "CZE"]

1. e4 c5 2. c3 d5 3. exd5 Qxd5 4. Nf3 Nf6 5. d4 Bf5 6. Bd3 cxd4 7. Bxf5 Qxf5 8. cxd4 e6 9. 0-0 Bd6 10. Nc3 0-0 11. Qb3 b6 12. Nb5 Rd8 13. Nxd6 Rxd6 14. Be3 Nc6 15. Rac1 Nd5 16. Qa3 Rad8 17. Ne5 Nde7 18. Nf3 Nd5 19. Rc4 h6 20. Rfc1 Na5 21. R4c2 Nxe3 22. fxe3 Qe4 23. Nd2 Qd5 24. b4 Nc6 25. Nc4 R6d7 26. Nxb6 axb6 27. Rxc6 e5 28. R6c4 Qe6 29. Qb2 exd4 30. exd4 Rxd4 31. Rxd4 Qe3+ 32. Kh1 Rxd4 33. Qb1 g6 34. h3 Rd2 35. Rc8+ Kh7 36. Qa1 Rd4 37. Rf8 Qf2 38. Rxf7+ Qxf7 39. Qxd4 Qxa2 40. Qxb6 Qa1+ 41. Qg1 Qb2 42. Qa7+ Kg8 43. Qb8+ Kg7 44. b5 Kf7 45. b6 g5 46. Qc7+ Ke6 47. b7 1-0

[Event "CZE-chT U18 Extraliga West 1718"]
[Site "Czech Republic"]
[Date "2017.11.25"]
[Round "5.6"]
[White "Novotna, Tereza"]
[Black "Rolinkova, Lucie"]
[Result "1-0"]
[WhiteElo "1764"]
[BlackElo "1515"]
[PlyCount "77"]
[EventDate "2017.10.07"]
[EventType "team-tourn"]
[EventRounds "11"]
[EventCountry "CZE"]
[SourceTitle "EXT 2023"]
[Source "ChessBase"]
[SourceDate "2022.10.05"]
[SourceVersion "1"]
[SourceVersionDate "2022.10.05"]
[SourceQuality "1"]
[WhiteTeam "Ricany (U18)"]
[BlackTeam "Ceske Budejovice (U18)"]
[WhiteTeamCountry "CZE"]
[BlackTeamCountry "CZE"]

1. d4 Nf6 2. Bf4 g6 3. e3 Bg7 4. Nf3 0-0 5. Be2 d5 6. c4 c5 7. Nc3 cxd4 8. Nxd4 Re8 9. Nf3 dxc4 10. Bxc4 Nc6 11. 0-0 Bf5 12. Ng5 Rf8 13. e4 Bd7 14. Qb3 e6 15. Qd1 Rc8 16. Bb3 Nh5 17. Be3 a6 18. Rc1 Na5 19. Qf3 Nxb3 20. axb3 Nf6 21. Rfd1 Qe7 22. Na4 h6 23. Nh3 Rxc1 24. Rxc1 Bc6 25. Bc5 Qd7 26. Bxf8 Kxf8 27. Nc3 e5 28. Rd1 Qe8 29. Qd3 Nd7 30. f3 Qe7 31. Nf2 Nc5 32. Qc2 Qe6 33. Nd5 Kg8 34. Qxc5 Bf8 35. Qc3 f5 36. Nb4 Bb5 37. Nbd3 Bd6 38. Nc5 Qe7 39. Nxb7 1-0

[Event "Pobeskydy op"]
[Site "Frydek Mistek"]
[Date "2017.04.14"]
[Round "4"]
[White "Novotna, Tereza"]
[Black "Kolasinski, Krzysztof"]
[Result "0-1"]
[WhiteElo "1723"]
[BlackElo "2086"]
[PlyCount "224"]
[EventDate "2017.04.13"]
[EventType "swiss"]
[EventRounds "9"]
[EventCountry "CZE"]
[SourceTitle "CBM 177 Extra"]
[Source "ChessBase"]
[SourceDate "2017.04.27"]
[SourceVersion "1"]
[SourceVersionDate "2017.04.27"]
[SourceQuality "1"]

1. d4 Nf6 2. Bf4 g6 3. Nf3 Bg7 4. h3 0-0 5. e3 d6 6. c3 Nbd7 7. Qc2 c5 8. Nbd2 cxd4 9. cxd4 Qa5 10. Be2 e5 11. dxe5 dxe5 12. Bh2 e4 13. Nd4 Nb6 14. 0-0 Bf5 15. Nc4 Nxc4 16. Qxc4 Rac8 17. Qb5 Qxb5 18. Bxb5 a6 19. Ba4 Bd7 20. Bb3 Bc6 21. Rfd1 Bd5 22. Be5 Bxb3 23. Nxb3 Rfe8 24. Bd4 Re7 25. Rac1 Ra8 26. Rc4 b5 27. Rc6 Ne8 28. Bxg7 Kxg7 29. Nc5 a5 30. Rb6 Rc8 31. Nb3 Rc2 32. Rxb5 Rxb2 33. Rxa5 Rc7 34. Rd2 Rb1+ 35. Kh2 h5 36. Rc5 Rb7 37. Re5 Nf6 38. Rc5 Nd7 39. Rcd5 Nf6 40. R5d4 Rb5 41. Rc2 Rf5 42. Nc5 Rf1 43. Nxe4 Nxe4 44. Rxe4 R5xf2 45. Rxf2 Rxf2 46. Ra4 Re2 47. e4 h4 48. Kg1 Kf6 49. Kf1 Rb2 50. a3 Ke5 51. Kg1 Ra2 52. Kf1 Kf4 53. e5+ Ke3 54. g4 hxg3 55. Rb4 Kf3 56. Rb3+ Kf4 57. Kg1 g2 58. Rb7 Kg3 59. Rb3+ Kh4 60. Kh2 Kg5 61. Rg3+ Kf5 62. Rxg2 Rxa3 63. Rf2+ Ke6 64. Rf6+ Ke7 65. Rb6 Re3 66. Kg2 Rxe5 67. Kf3 Rc5 68. Kg4 Kf8 69. Rd6 Kg7 70. Rd7 Rc4+ 71. Kg3 g5 72. Rd5 Kg6 73. Rb5 Rc3+ 74. Kg2 f5 75. Rb6+ Kh5 76. Rb5 Rc2+ 77. Kf3 Rc3+ 78. Kg2 f4 79. Rb8 Rc2+ 80. Kf3 Rc3+ 81. Kg2 Rg3+ 82. Kh2 Rd3 83. Kg2 Rd6 84. Kf3 Rd3+ 85. Kg2 Kg6 86. Rb5 Kf6 87. Ra5 Re3 88. Rb5 Re5 89. Rb4 Re2+ 90. Kf3 Rh2 91. Kg4 Rg2+ 92. Kh5 f3 93. Rb3 Rg3 94. Rb6+ Ke5 95. Rb5+ Kf4 96. Rb4+ Ke3 97. Rb3+ Kf2 98. h4 g4 99. Kg5 Kg2 100. Kf4 Kh2 101. Rb2+ Rg2 102. Rb1 Kh3 103. h5 Ra2 104. h6 Ra4+ 105. Kg5 Ra8 106. h7 Rh8 107. Kg6 Kg2 108. Kg5 g3 109. Rb6 Rxh7 110. Kg4 Rg7+ 111. Kh4 f2 112. Rb1 f1Q 0-1

[Event "Pobeskydy op"]
[Site "Frydek Mistek"]
[Date "2017.04.14"]
[Round "3"]
[White "Novotna, Tereza"]
[Black "Novosadova, Kristyna"]
[Result "0-1"]
[WhiteElo "1723"]
[BlackElo "2198"]
[PlyCount "60"]
[EventDate "2017.04.13"]
[EventType "swiss"]
[EventRounds "9"]
[EventCountry "CZE"]
[SourceTitle "CBM 177 Extra"]
[Source "ChessBase"]
[SourceDate "2017.04.27"]
[SourceVersion "1"]
[SourceVersionDate "2017.04.27"]
[SourceQuality "1"]

1. d4 Nf6 2. c4 g6 3. Nc3 d5 4. Nf3 Bg7 5. Qb3 dxc4 6. Qxc4 0-0 7. Bf4 c6 8. e4 Nbd7 9. Be2 Nh5 10. Be3 e5 11. d5 Nb6 12. Qb3 Nf4 13. Bc5 Nxg2+ 14. Kf1 Nf4 15. Bxf8 Bxf8 16. Rg1 cxd5 17. exd5 Bh3+ 18. Ke1 Nbxd5 19. Nxd5 Nxd5 20. Nd2 Nf4 21. Rg3 Be6 22. Qe3 Qd5 23. Bf3 Qa5 24. a3 Rd8 25. Qc3 Qa6 26. Rd1 Nd3+ 27. Kf1 Nxb2+ 28. Kg2 Nxd1 29. Bxd1 Qc6+ 30. Qxc6 bxc6 0-1

[Event "Liberec op 17th"]
[Site "Liberec"]
[Date "2017.03.03"]
[Round "8"]
[White "Dupak, Jaroslav"]
[Black "Novotna, Tereza"]
[Result "1/2-1/2"]
[WhiteElo "1810"]
[BlackElo "1675"]
[PlyCount "67"]
[EventDate "2017.02.25"]
[EventType "swiss"]
[EventRounds "9"]
[EventCountry "CZE"]
[SourceTitle "CBM 177 Extra"]
[Source "ChessBase"]
[SourceDate "2017.04.27"]
[SourceVersion "1"]
[SourceVersionDate "2017.04.27"]
[SourceQuality "1"]

1. d4 Nf6 2. Nf3 g6 3. Bf4 Bg7 4. h3 d6 5. e3 0-0 6. Bd3 Nfd7 7. 0-0 e5 8. dxe5 dxe5 9. Bg5 f6 10. Bh4 Qe7 11. e4 Nb6 12. b3 Nc6 13. c3 Be6 14. Qe2 Qf7 15. Na3 Rfd8 16. Rfd1 a5 17. Bb5 Rxd1+ 18. Rxd1 Na7 19. Bd3 a4 20. c4 axb3 21. axb3 Nc6 22. Ra1 Qd7 23. Nc2 Rxa1+ 24. Nxa1 Nd4 25. Qe3 Nxf3+ 26. Qxf3 g5 27. Bg3 Qd4 28. Qd1 Nd7 29. Nc2 Qc3 30. Bf1 Nc5 31. Be2 Nd7 32. f3 Bf8 33. Bf2 c6 34. Kh2 1/2-1/2

[Event "Liberec op 17th"]
[Site "Liberec"]
[Date "2017.02.27"]
[Round "3"]
[White "Novotna, Tereza"]
[Black "Jina, Lubos"]
[Result "0-1"]
[WhiteElo "1675"]
[BlackElo "1733"]
[PlyCount "64"]
[EventDate "2017.02.25"]
[EventType "swiss"]
[EventRounds "9"]
[EventCountry "CZE"]
[SourceTitle "CBM 177 Extra"]
[Source "ChessBase"]
[SourceDate "2017.04.27"]
[SourceVersion "1"]
[SourceVersionDate "2017.04.27"]
[SourceQuality "1"]

1. d4 Nf6 2. c4 e6 3. Nc3 d5 4. cxd5 exd5 5. Bg5 Be7 6. Nf3 h6 7. Bh4 c6 8. e3 Bg4 9. Bd3 Ne4 10. Bxe7 Qxe7 11. Rc1 Nd7 12. Qb3 Rb8 13. Ng1 0-0 14. h3 Bh5 15. g4 Bg6 16. Qc2 f5 17. gxf5 Bxf5 18. Nxe4 dxe4 19. Bc4+ Kh8 20. Ne2 Nb6 21. Ng3 Bh7 22. Bf1 Nd5 23. a3 Nf6 24. Qc5 Qf7 25. Bc4 Nd5 26. Rf1 Qd7 27. Bxd5 cxd5 28. Qxa7 Rbc8 29. Ne2 Qb5 30. b4 Qd3 31. f3 Qxe3 32. Kd1 exf3 0-1

[Event "CZE-ch U18/U20 Girls"]
[Site "Kovarska"]
[Date "2016.11.17"]
[Round "6"]
[White "Novotna, Tereza"]
[Black "Bierska, Adela"]
[Result "0-1"]
[WhiteElo "1672"]
[BlackElo "1613"]
[PlyCount "56"]
[EventDate "2016.11.13"]
[EventType "swiss"]
[EventRounds "9"]
[EventCountry "CZE"]
[SourceTitle "EXT 2022"]
[Source "ChessBase"]
[SourceDate "2021.10.06"]
[SourceVersion "1"]
[SourceVersionDate "2021.10.06"]
[SourceQuality "1"]

1. d4 d5 2. c4 e6 3. Nc3 Nf6 4. Bg5 Be7 5. Nf3 0-0 6. e3 Nbd7 7. cxd5 exd5 8. Bd3 c5 9. Rc1 cxd4 10. Nxd4 Nb6 11. Qc2 h6 12. Bh4 a6 13. 0-0 Ng4 14. Bxe7 Qxe7 15. Qe2 Ne5 16. Bb1 Bg4 17. Qc2 g6 18. h3 Bd7 19. Qe2 Qf6 20. Rfd1 Rfd8 21. Nc2 Rac8 22. Nxd5 Nxd5 23. Rxd5 Bb5 24. Rxd8+ Rxd8 25. Qe1 Nd3 26. Qd2 Nxc1 27. Qxc1 Rc8 28. a3 Ba4 0-1

[Event "Mlada Boleslav Region-ch"]
[Site "Mlada Boleslav"]
[Date "2015.06.21"]
[Round "5"]
[White "Novotna, Tereza"]
[Black "Otruba, Marek"]
[Result "0-1"]
[WhiteElo "1456"]
[BlackElo "1629"]
[PlyCount "60"]
[EventDate "2015.06.20"]
[EventType "swiss"]
[EventRounds "7"]
[EventCountry "CZE"]
[SourceTitle "EXT 2017"]
[Source "ChessBase"]
[SourceDate "2016.10.25"]
[SourceVersion "1"]
[SourceVersionDate "2016.10.25"]
[SourceQuality "1"]

1. d4 d5 2. c4 e6 3. Nc3 f5 4. Nf3 Nf6 5. e3 c6 6. b3 Bd6 7. c5 Bc7 8. b4 0-0 9. a4 Ne4 10. Bb2 Nd7 11. Nxe4 fxe4 12. Nd2 Nf6 13. f3 exf3 14. Nxf3 Ne4 15. Bd3 Ng5 16. Qe2 Nxf3+ 17. gxf3 Qh4+ 18. Qf2 Qxf2+ 19. Kxf2 Bd7 20. Rag1 Rf6 21. Rg2 Raf8 22. f4 Rh6 23. Be2 Be8 24. Bd3 Bd8 25. Rhg1 Bf6 26. Bc3 Rh3 27. Bf1 Rh6 28. Ke1 Bg6 29. Kd2 Be4 30. Rg4 Rxh2+ 0-1

[Event "Mlada Boleslav Region-ch"]
[Site "Mlada Boleslav"]
[Date "2015.06.20"]
[Round "3"]
[White "Novotna, Tereza"]
[Black "Vojta, Jakub"]
[Result "0-1"]
[WhiteElo "1456"]
[BlackElo "1556"]
[PlyCount "119"]
[EventDate "2015.06.20"]
[EventType "swiss"]
[EventRounds "7"]
[EventCountry "CZE"]
[SourceTitle "EXT 2017"]
[Source "ChessBase"]
[SourceDate "2016.10.25"]
[SourceVersion "1"]
[SourceVersionDate "2016.10.25"]
[SourceQuality "1"]

1. d4 d5 2. c4 Nc6 3. e3 e5 4. Nf3 Bg4 5. Be2 e4 6. Ng1 Bf5 7. cxd5 Qxd5 8. Nc3 Bb4 9. Bd2 Bxc3 10. Bxc3 Nf6 11. b3 Be6 12. Bc4 Qd6 13. Qd2 Nd5 14. Bxd5 Bxd5 15. Ne2 0-0 16. Nf4 a5 17. Rb1 b6 18. 0-0 a4 19. b4 b5 20. Nxd5 Qxd5 21. a3 Rfe8 22. Rfc1 Re6 23. Ba1 Rg6 24. Rc5 Qd7 25. Qe2 Qh3 26. Qf1 Rd8 27. g3 Qc8 28. Rxb5 Rdd6 29. Rc1 Rh6 30. Rcc5 Kf8 31. Qg2 Qg4 32. Rg5 Qe2 33. Qf1 Qf3 34. h4 Rdg6 35. Rbf5 Rxg5 36. Rxf3 Rxh4 37. Rf4 Rh6 38. Rxe4 Rgh5 39. Rh4 Rxh4 40. gxh4 Rxh4 41. Qg2 Nd8 42. d5 f6 43. Qg3 Rc4 44. Kg2 h5 45. Bd4 Nf7 46. Qf4 Ng5 47. Bc5+ Kg8 48. Qxc4 Kh7 49. Bd4 Kh6 50. Qxc7 Kg6 51. Bc5 Ne4 52. Bf8 Ng5 53. Qxg7+ Kf5 54. d6 Ne6 55. Qh7+ Ke5 56. Bh6 Kxd6 57. Bf4+ Nxf4+ 58. exf4 Ke6 59. Qxh5 Ke7 60. Qa5 0-1